| 000 | 00583nam a2200229 a 4500 | ||
|---|---|---|---|
| 999 |
_c5269 _d5269 |
||
| 001 | 5269 | ||
| 003 | BD-JhCC | ||
| 005 | 20171213114216.0 | ||
| 008 | 171211s19591965u a|||| || | 001 0 eng d | ||
| 035 | _a(BD-JhCC)5269 | ||
| 040 |
_aBD-JhCC _dBD-JhCC |
||
| 041 | _aeng | ||
| 082 |
_a330 _bULM 1965 |
||
| 100 | _aUlmer, Melville J. | ||
| 245 |
_aEconomics : Theory and Practice / _cMelville J. Ulmer, |
||
| 250 | _a2nd ed. | ||
| 260 |
_aNew York : _bHoughton Mifflin Company, _c1965. |
||
| 300 |
_a759 p. : _c24 cm. |
||
| 650 | _aEconomics | ||
| 942 |
_2ddc _cBK |
||